5 Seconds of Summer - Emotions (Lyrics) - Statistics

General Stats
  • This quiz has been taken 67 times
  • The average score is 320 of 355
Answer Stats
Answer % Correct
a
100%
Don't
100%
I'm
100%
do
100%
don't
100%
Don't
100%
emotions,
100%
emotions
100%
I
100%
I'm
100%
it,
100%
it
100%
wanna
100%
with
100%
be
96%
I'll
96%
my
96%
eight,
96%
five
96%
four,
96%
If
96%
I'll
96%
me
96%
me,
96%
mind
96%
my
96%
on
96%
one,
96%
seven,
96%
six,
96%
that
96%
three,
96%
to
96%
too
96%
two,
96%
You
96%
you
96%
about
92%
broken,
92%
broken
92%
feel
92%
feeling
92%
Got
92%
got
92%
here
92%
just
92%
kinda
92%
know
92%
many
92%
more
92%
need
92%
nine,
92%
say
92%
Talk
92%
talk
92%
ten
92%
that's
92%
things
92%
Think
92%
think
92%
why
92%
always
88%
and
88%
can
88%
Maybe
88%
So
88%
But
84%
Cry
84%
cry
84%
high
84%
way,
84%
even
80%
some
80%
the
80%
best
76%
day
76%
doing
76%
inside
76%
time
76%
change
72%
Fight
72%
fight
72%
guess
72%
little
72%
screaming
72%
type
72%
ways
72%
mistakes
68%
of
68%
space,
68%
till
68%
already
64%
brand
64%
break
64%
new
64%
can't
60%
help
60%
make
60%
needing
60%
should
60%
sometimes
60%
Telling
60%
still
56%
No matching quizzes found
Score Distribution
Percent of People with Each Score
Percentile by Number Answered
Your Score History
You have not taken this quiz